Pays qui reconnaissent l'Ossétie du sud-Alanie - Statistiques

Statistiques générales
  • Ce quiz a été pris 9 fois
  • Le résultat moyen est 4 sur 8
Statistiques - réponses
Reconnaissance par l'ONU Réponse % Correct
Oui Russie
100%
Non Abkhazie
63%
Oui Nauru
63%
Non Transnistrie
50%
Oui Nicaragua
38%
Oui Syrie
38%
Oui Venezuela
38%
Non (gouvernement en exil) République serbe de Krajina
25%
Aucun quiz correspondant
Distribution des résultats
% des personnes avec chaque résultat
Percentile par nombre de réponses
Votre historique - résultats
Vous n’avez pas pris ce quiz